00524nam a2200181Ia 4500003000900000008004100009020002200050040001600072080001700088100002300105245005700128250001200185260003900197300001500236490006500251650001600316650001000332IN-BaIIA211028s9999 xx 000 0 eng d a978-981-4250-37-2 cIIA Library a524.882bNAR aNarlikar, Jayant V 0aFrom black clouds to black holescJayant V. Narlikar a3rd ed. aNew JerseybWorld Scientificc2012 axii, 202p. aWorld scientific series in Astronomy and Astrophysics; v. 13 aBlack holes aStars